| 000 | 00656nam a22001937a 4500 | ||
|---|---|---|---|
| 005 | 20130819132456.0 | ||
| 010 | _aB-523588-590 | ||
| 020 |
_c90.00 _a9788184773910 |
||
| 035 | _aB-523588-590 | ||
| 037 |
_aKKP/VEN _bDPL |
||
| 082 | _a745.54 | ||
| 100 | _aBennett, Anita | ||
| 245 |
_aMore Paper Craft/ _cby Anita Bennett |
||
| 260 |
_aUSA _bScholastic India Pvt.ltd. _c2009 |
||
| 270 |
_aGolf View Corporate Tower-A,3rd Floor,dlf phase-v _bGurgaon _e122002 |
||
| 300 |
_a112p. _bill. _c14cm.(pbk) |
||
| 942 |
_2ddc _cCH _mBEN _h745.54 |
||
| 999 |
_c78302 _d78302 |
||